El proyecto ilustrado de Enrique Tierno Galván (Record no. 19084)
[ view plain ]
| 000 -LEADER | |
|---|---|
| campo de control de longitud fija | 01076nam a2200289 i 4500 |
| 001 - NÚMERO DE CONTROL | |
| campo de control | 19084 |
| 003 - IDENTIFICADOR DE NÚMERO DE CONTROL | |
| campo de control | ES-MaACL |
| 005 - FECHA Y HORA DE LA ÚLTIMA TRANSACCIÓN | |
| campo de control | 20230906152008.0 |
| 007 - CAMPO FIJO DE DESCRIPCIÓN FÍSICA--INFORMACIÓN GENERAL | |
| campo de control de longitud fija | t| |
| 008 - DATOS DE LONGITUD FIJA--INFORMACIÓN GENERAL | |
| campo de control de longitud fija | 010827s2001 sp ||||0| spa |
| 020 ## - NÚMERO INTERNACIONAL ESTÁNDAR DEL LIBRO | |
| Número Internacional Estándar del Libro | 84-259-1145-1 |
| 080 ## - NÚMERO DE LA CLASIFICACIÓN DECIMAL UNIVERSAL | |
| Número de la Clasificación Decimal Universal | 929 Tierno Galván, Enrique (043.2) |
| 080 ## - NÚMERO DE LA CLASIFICACIÓN DECIMAL UNIVERSAL | |
| Número de la Clasificación Decimal Universal | 39 Tierno Glaván, Enrique (043.2) |
| 100 1# - ENTRADA PRINCIPAL--NOMBRE DE PERSONA | |
| Nombre de persona | Novella, Jorge. |
| 9 (RLIN) | 86072 |
| 245 13 - MENCIÓN DEL TÍTULO | |
| Título | El proyecto ilustrado de Enrique Tierno Galván |
| Resto del título | : biografía intelectual y política / |
| Mención de responsabilidad, etc. | Jorge Novella Suárez. |
| 260 ## - PUBLICACIÓN, DISTRIBUCIÓN, ETC. | |
| Lugar de publicación, distribución, etc. | Madrid : |
| Nombre del editor, distribuidor, etc. | Centro de Estudios Políticos y Constitucionales, |
| Fecha de publicación, distribución, etc. | 2001. |
| 300 ## - DESCRIPCIÓN FÍSICA | |
| Extensión | 459 p. ; |
| Dimensiones | 22 cm. |
| 490 1# - MENCIÓN DE SERIE | |
| Mención de serie | El derecho y la justicia |
| 502 ## - NOTA DE TESIS | |
| Nota de tesis | Tesis-Universidad de Murcia. |
| 504 ## - NOTA DE BIBLIOGRAFÍA, ETC. | |
| Nota de bibliografía, etc. | Bibliografía: p. 437-451. |
| 600 04 - PUNTO DE ACCESO ADICIONAL DE MATERIA--NOMBRE DE PERSONA | |
| Nombre de persona | Tierno Galván, Enrique, |
| Fechas asociadas al nombre | 1918-1986- |
| Subdivisión general | Crítica e interpretación |
| 9 (RLIN) | 110236 |
| 710 2# - ENTRADA AGREGADA--NOMBRE DE ENTIDAD CORPORATIVA | |
| Nombre de entidad corporativa o nombre de jurisdicción como elemento de entrada | Centro de Estudios Políticos y Constitucionales (España) |
| 9 (RLIN) | 2666 |
| 710 2# - ENTRADA AGREGADA--NOMBRE DE ENTIDAD CORPORATIVA | |
| Nombre de entidad corporativa o nombre de jurisdicción como elemento de entrada | Universidad de Murcia. |
| 9 (RLIN) | 7228 |
| 830 1# - PUNTO DE ACCESO ADICIONAL DE SERIE-TÍTULO UNIFORME | |
| Título uniforme | El derecho y la justicia |
| 9 (RLIN) | 178339 |
| 852 4# - LOCALIZACIÓN | |
| Ubicación | ES-MaACL |
| Número de control de estantería | L-25504 |
| Estatus retirado | Estado de pérdida | Estado de daño | No para préstamo | Biblioteca de origen | Biblioteca actual | Ubicación en estantería | Fecha de adquisición | Fuente de adquisición | Total de préstamos | Signatura topográfica completa | Código de barras | Visto por última vez | Precio de reemplazo | Tipo de ítem Koha |
|---|---|---|---|---|---|---|---|---|---|---|---|---|---|---|
| Biblioteca del Ateneo de Madrid | Biblioteca del Ateneo de Madrid | Depósito 2 | 17/01/2008 | L-25504 | 1019528 | 23/02/2023 | 23/02/2023 | Libro impreso |
